Sonetos / (Record no. 101053)

MARC details
000 -CABECERA
campo de control de longitud fija 00953nam a2200241 a 4500
003 - IDENTIFICADOR DEL NÚMERO DE CONTROL
campo de control MX-MxUPN
005 - FECHA Y HORA DE LA ÚLTIMA TRANSACCIÓN
campo de control 20230919063603.0
008 - ELEMENTOS DE LONGITUD FIJA--INFORMACIÓN GENERAL
campo de control de longitud fija 030917s1997 mx r 000 0 spa d
020 ## - NÚMERO INTERNACIONAL NORMALIZADO PARA LIBROS
Número Internacional Estándar del Libro 9683600654
035 ## - NÚMERO DE CONTROL DEL SISTEMA
Número de control de sistema UPN01000128880
040 ## - FUENTE DE LA CATALOGACIÓN
Centro catalogador/agencia de origen MX-MxUPN
Lengua de catalogación spa
Centro/agencia transcriptor MX-MxUPN
041 0# - CÓDIGO DE IDIOMA
Código de lengua del texto/banda sonora o título independiente spa
050 00 - SIGNATURA TOPOGRÁFICA DE LA BIBLIOTECA DEL CONGRESO
Número de clasificación PQ7297 C83
Número de documento/Ítem S66 1987
100 1# - ASIENTO PRINCIPAL--NOMBRE PERSONAL
Nombre de persona Cuesta, Jorge,
Fechas asociadas al nombre 1903-1941
9 (RLIN) 30664
245 10 - MENCIÓN DE TÍTULO
Título Sonetos /
Mención de responsabilidad, etc. con un retrato escrito y un estudio preliminar de Cristina Múgica ; además una carta astrológica natal levantada por María Eugenia Peláez Cuesta ; interpretación de Víctor del Valle y Cristina Múgica.
250 ## - MENCIÓN DE EDICIÓN
Mención de edición Primera edición.
260 ## - PUBLICACIÓN, DISTRIBUCIÓN, ETC.
Lugar de publicación, distribución, etc. México, D.F. :
Nombre del editor, distribuidor, etc. Universidad Nacional Autónoma de México, Coordinación de Humanidades,
Fecha de publicación, distribución, etc. 1987.
300 ## - DESCRIPCIÓN FÍSICA
Extensión 109 páginas
490 0# - MENCIÓN DE SERIE
Mención de serie Biblioteca de letras
600 14 - ASIENTO SECUNDARIO DE MATERIA - NOMBRE PERSONAL
Nombre de persona Cuesta, Jorge,
Fechas asociadas al nombre 1903-1942
Subdivisión general Crítica e interpretación
9 (RLIN) 45816
902 ## - ELEMENTOS DE DATOS B LOCAL, LDB (RLIN)
Creó Víctor Ruiz/180923
942 ## - ELEMENTOS DE PUNTO DE ACCESO ADICIONAL (KOHA)
Fuente del sistema de clasificación o colocación Library of Congress Classification
Tipo de ítem Koha Libro
Holdings
Estado de retiro Estado de pérdida Fuente del sistema de clasificación o colocación Estado dañado No para préstamo Código de colección Localización permanente Ubicación/localización actual Ubicación en estantería Fecha de adquisición Clasificación Código de barras Fecha visto por última vez Tipo de ítem Koha
    Library of Congress Classification     Colección General Bib. Gregorio Torres Quintero Bib. Gregorio Torres Quintero Planta baja 18/09/2023 PQ7297 C83 S66 1987 215727 31/12/2020 Libro